000 00440nam a2200133Ia 4500
005 20260328104342.0
008 260328s9999||||xx |||||||||||||| ||und||
100 _aMejia, Javier
245 0 _aVision Concepts for Small-and Medium-sized Enterprises :
_b developing a Design-led Futures Technique to boost Innovation /
_cJavier Mejia
260 _bColciencias
300 _a224 p.
650 _aDISEÑO INDUSTRIAL - ELEMENTOS
942 _cBK
999 _c12155
_d12155